00433nam a2200181Ia 4500003000400000005001700004008004100021020002200062040000700084041000800091082002300099100001700122245002600139260004600165300001200211365001300223650001500236OSt20230411153203.0210423s2017 xx 000 0 und d a978-93-83299-05-8 cAL aeng a808.883 223bFRAD aFRANK (Anne) aDiary of a young girl aNew DelhibLittle Scholarz Pvt. Ltdc2017 a270bPB b135cINR aLiterature